The cross-GUI handbook : (Record no. 189164)
[ view plain ]
| 000 -LEADER | |
|---|---|
| fixed length control field | 00846 a2200217 4500 |
| 003 - CONTROL NUMBER IDENTIFIER | |
| control field | Nust |
| 005 - DATE AND TIME OF LATEST TRANSACTION | |
| control field | 20221228120936.0 |
| 010 ## - LIBRARY OF CONGRESS CONTROL NUMBER | |
| LC control number | 93039692 |
| 020 ## - INTERNATIONAL STANDARD BOOK NUMBER | |
| International Standard Book Number | 0201575922 |
| 040 ## - CATALOGING SOURCE | |
| Transcribing agency | Nust |
| 082 00 - DEWEY DECIMAL CLASSIFICATION NUMBER | |
| Classification number | 621.395,MAR |
| 100 1# - MAIN ENTRY--PERSONAL NAME | |
| Personal name | Marcus, Aaron, |
| 9 (RLIN) | 36951 |
| 245 14 - TITLE STATEMENT | |
| Title | The cross-GUI handbook : |
| Remainder of title | for multiplatform user interface design / |
| Statement of responsibility, etc. | Aaron Marcus, Nick Smilonich, Lynne Thompson. |
| 260 ## - PUBLICATION, DISTRIBUTION, ETC. | |
| Place of publication, distribution, etc. | Reading, Mass. : |
| Name of publisher, distributor, etc. | Addison-Wesley Pub. Co., |
| Date of publication, distribution, etc. | c1995. |
| 300 ## - PHYSICAL DESCRIPTION | |
| Extent | xxiv, 276 p. : |
| Other physical details | ill. ; |
| Dimensions | 24 cm. |
| 505 ## - FORMATTED CONTENTS NOTE | |
| Formatted contents note | Design Principles (Page-1), Desktop (Page-15), Windows (Page-39), Menus (Page-75), Controls (Page-103), Dialog Boxes (Page-145), Interaction and Feedback (Page-179). |
| 650 #0 - SUBJECT ADDED ENTRY--TOPICAL TERM | |
| Topical term or geographic name entry element | Graphical user interfaces (Computer systems) |
| 9 (RLIN) | 99710 |
| 700 1# - ADDED ENTRY--PERSONAL NAME | |
| Personal name | Smilonich, Nick. |
| 9 (RLIN) | 106189 |
| 700 1# - ADDED ENTRY--PERSONAL NAME | |
| Personal name | Thompson, Lynne. |
| 9 (RLIN) | 106190 |
| 942 ## - ADDED ENTRY ELEMENTS (KOHA) | |
| Source of classification or shelving scheme | |
| Koha item type | Book |
| Withdrawn status | Lost status | Source of classification or shelving scheme | Damaged status | Not for loan | Permanent Location | Current Location | Shelving location | Date acquired | Full call number | Barcode | Date last seen | Price effective from | Koha item type | Public note |
|---|---|---|---|---|---|---|---|---|---|---|---|---|---|---|
| Military College of Signals (MCS) | Military College of Signals (MCS) | General Stacks | 12/12/2016 | 621.395,MAR | MCS34952 | 12/08/2016 | 12/12/2016 | Book | Almirah No.40, Shelf No.3 |
